000
00306nam a22001457a 4500
008
221006b ||||| |||| 00| 0 eng d
020
_a
0409950068
041
_a
eng
080
_a
61
082
_a
61 WAL
100
_a
5
101
_a
MEDI
245
_a
CLINICAL METHODS
_c
WALKER .H.K
942
_2
udc
_c
BK
999
_c
58390
_d
58390